000 00871nam a2200241Ia 4500
999 _c65181
_d65181
005 20240530110811.0
008 140319s2006 jo a b 000 0 ara d
017 _bعمان . دائرة المكتبة الوطنية
040 _aGCL /
_cGCL
082 0 4 _221
_a745 /
_bخ ر
100 0 _aخلود بدر غيث
245 1 2 _aالرسم الحر والزخرفة /
_cخلود بدر غيث ، فداء حسين ابودبسه
250 _aط.1
260 _aعمان :
_bمكتبة المجتمع العربى للنشر والتوزيع،
_c2006
300 _a336 ص. :
_bايض. ؛
_c24 سم.
650 0 7 _aالزخرفة
_2qrmak
650 0 7 _aالرسم الحر
650 0 7 _aالرسم
651 _2qrmak
700 0 _aفداء حسين ابودبسه
_eمؤلف مشارك
942 _2ddc
_cBK